000 00432nam a2200169 a 4500
001 1777027203802
003 YourLibrary
005 20260424161208.0
008 260424s2000##################000#0#eng##
020 _a9780728203419
082 0 4 _a344.20645DEN.2
100 1 _aDenyer-Green, Barry,
_eauthor.
245 1 0 _aPlr 2000 :
260 _bEstate Gazette,
_c2000.
942 _cENGLISH
040 _aYourLibrary
_beng
_cYourLibrary
999 _c619883
_d619883